000 04613nam a2200445 i 4500
003 EG-GICUC
005 20260407150003.0
008 260407s2025 ua |||f m||| 00| 0 ara d
040 _aEG-GICUC
_cEG-GICUC
_dEG-GICUC
_erda
_bara
041 0 _aara
_bara
_dara
049 _aإهداء
082 0 4 _a347.15
_221
097 _aPh.D
099 _aLaw 05 PHD 2025
100 0 _aمصطفي لطفي علي حسن
_eمؤلف.
245 1 0 _aالنظام القانوني لإفلاس البنوك (دراسة مقارنة بين الاتحاد الأوروبي والولايات المتحدة الأمريكية) /
_cإعداد مصطفي لطفي علي حسن؛ إشراف الأستاذ الدكتور سامي عبد الباقي أبو صالح.
264 0 _aالقاهرة:
_bكلية الحقوق- جامعة القاهرة،
_c2025.
300 _a430 صفحة؛
_c25 سم.
336 _atext
_2rda content
337 _aComputer
_2rda media
338 _aOnline Resource
_2rda carrier
502 _a أطروحة (دكتوراة)- جامعة القاهرة، كلية الحقوق، قسم القانون التجاري، 2025.
504 _aببليوجرافيا: صفحات 404-420
520 3 _aإن إفلاس رجل من أهل المال، هو إطلاق النكبة مسدسها على رجل تقتله، ولكن إفلاس بنك هو إطلاق النكبة مدفعها الكبير على مدينة تدمرها، ولقد تجلت تلك النكية في يوم الأحد الأسود - ١٥ سبتمبر - أيلول من عام ۲۰۰۸م، هكذا وصف اليوم الذي شهد فيه القطاع المصرفي الأمريكي أكبر اقتصاد في العالم وشرياته المالي الرئيسي ؟! واحداً من أكبر الزلازل المالية في تاريخه، فماذا حدث في هذا القطاع الحيوي الذي يعد درة تاج ولعل الناظر إلى وجوه أولئك الموظفين التي تعلوها الكآبة يلاحظ جانباً من قصة اقتصادية تبدو درامية فهؤلاء الأشخاص وعددهم ۲۵۰۹۳۵ موظفا غادروا مكاتبهم بعد أن حزموا أمتعتهم إثر إفلاس مؤسستهم التي تعد رابع أكبر بنك استثماري في أمريكا بعد بنوك (جولدن مان ساكس ومورجان ستانلي، وميريل لينش إنه بنك ليمان براذرز. إن انهيار ذلك البنك كان له وقع الصاعقة على القطاع المالي العالمي فينك ليمان براذرز عمره أكبر من قرن ونصف القرن، ولطالما ضرب به المثل في الإفلات سالما من أزمات مالية تاريخية ضخمة مثل أزمة الكساد الكبير الذي ضرب العالم في عشرينيات القرن الماضي، وخلال الحربين العالميتين وأزمة انهيار الديون الروسية عام ۱۹۹۸م، ولكن على الرغم من قدرته على البقاء فإن الأزمة المالية الأخيرة جعلته يجثو على ركبتيه، هذا البنك الذي أسسه ثلاثة إخوة مهاجرين يهود هنرى ليمان وأخواه إيمانويل وماير من تجار القطن عام ۱۸٥٠م، ليكون مؤسسة خدمات مالية دولية. ويقع مقره الرئيسي في ألاباما، بالولايات المتحدة الأمريكية.
546 _aالنص بالعربية والملخص باللغة الإنجليزية والعربية.
650 0 4 _aالقانون التجاري
_zالولايات المتحدة الأمريكية
653 0 _aالأزمة المالية الأخيرة
653 0 _aأزمة الكساد الكبير الذي ضرب العالم
653 0 _aالقطاع المالي العالمي
653 0 _aدرة تاج أكبر اقتصاد في العالم وشريانه المالي الرئيسي
653 0 _aإفلاس بنك
653 0 _aإفلاس رجل من أهل المال
655 4 _aرسائل جامعية
_zجامعة القاهرة
_xالقانون التجاري
700 0 _aسامي عبد الباقي أبو صالح
_eمشرف.
710 2 _aجامعة القاهرة.
_bكلية الحقوق
856 _uhttps://fll.law.cu.edu.eg/fulltext/th/T05-02880.pdf
900 _b2025
_Uجامعة القاهرة
_Fكلية الحقوق
_Dقسم القانون التجاري
905 _a64
942 _2ddc
_cTH
_e21
_n0
999 _c69425